000 00575nam a22001697a 4500
005 20251108170920.0
008 250721s1982 xx 000 0 ara d
082 1 4 _a621.322/صبح
100 1 _aطه، صبحي
245 1 0 _aعلم الإنارة الكهربائية و فن التمديدات الداخلية /
264 1 _aدمشق :
_bمؤسسة العلاقات الإقتصادية و القانونية،
_c1982.
300 _a204ص : إيض
650 1 7 _aالهندسة الكهربائية
650 1 7 _aالإضاءة
942 _2ddc
_cBK
999 _c52024
_d52024